Countries Ending in -Stan - Statistics

General Stats
  • This quiz has been taken 82 times
  • The average score is 7 of 7
Answer Stats
Country % Correct
P Pakistan
98%
U Uzbekistan
98%
A Afghanistan
97%
K Kazakhstan
97%
T Turkmenistan
97%
K Kyrgyzstan
92%
T Tajikistan
88%
No matching quizzes found
Score Distribution
Percent of People with Each Score
Percentile by Number Answered
Your Score History
You have not taken this quiz